000 00664nam a2200205 a 4500
001 000896048
003 AM-YeHGA
005 20250617145440.0
008 120604s1983 ||| r 000 0 rus d
040 _aAM-YeHGA
041 0 _arus
100 1 _aДедов, Петр Павлович
245 1 0 _aСтрада :
_bПовесть. /
_cПетр Дедов.
260 _aНовосибирск :
_bЗап.-Сиб. кн. изд-во,
_c1983.
300 _a288 с. :
_b[1] л. портр.
653 0 _aДети в деревне (х. л.)
653 0 _aКолхозы и колхозники (х. л.)
653 0 _aСибирь (х. л.)
090 _c313935
999 _c312217
_d312217